Test Match Triple centuries or more - Statistics

General Stats
  • This quiz has been taken 33 times
  • The average score is 18 of 30
Answer Stats
Score For Against Year Answer % Correct
375 West Indies England 1994 Brian Lara
97%
400 West Indies England 2004 Brian Lara
97%
334 Australia England 1930 Donald Bradman
93%
304 Australia England 1934 Donald Bradman
93%
317 West Indies South Africa 2005 Chris Gayle
77%
333 West Indies Sri Lanka 2010 Chris Gayle
77%
319 Sri Lanka Bangladesh 2014 Kumar Sangakkara
77%
380 Australia Zimbabwe 2003 Matthew Hayden
77%
365 West Indies Pakistan 1958 Garfield Sobers
73%
333 England India 1990 Graham Gooch
70%
311 South Africa England 2012 Hashim Amla
70%
340 Sri lanka India 1997 Sanath Jayasuriya
70%
313 Pakistan Sri Lanka 2009 Younis Khan
70%
302 New Zealand India 2014 Brendon McCullum
67%
374 Sri Lanka South Africa 2006 Mahela Jayawardene
67%
329 Australia India 2012 Michael Clarke
67%
334 Australia Pakistan 1998 Mark Taylor
63%
309 India Pakistan 2004 Virender Sehwag
63%
319 India South Africa 2008 Virender Sehwag
63%
364 England Australia 1938 Len Hutton
53%
329 Pakistan New Zealand 2002 Inzamam-ul-haq
50%
302 Pakistan West Indies 2016 Azhar Ali
47%
303 India England 2016 Karun Nair
40%
336 England New Zealand 1933 Wally Hammond
40%
311 Australia England 1964 Bob Simpson
37%
337 Pakistan West Indies 1958 Hanuf Mohammad
37%
325 England West Indies 1930 Andy Sandham
23%
307 Australia England 1966 Bob Cowper
23%
302 West Indies England 1974 Lawrence Rowe
23%
310 England New Zealand 1965 John Edrich
17%
No matching quizzes found
Score Distribution
Percent of People with Each Score
Percentile by Number Answered
Your Score History
You have not taken this quiz